Tour de France Green Jersey Winners - Statistics

General Stats
  • This quiz has been taken 168 times
  • The average score is 11 of 38
Answer Stats
Hint Answer % Correct
2012-2016 Sagan
90%
2011 Cavendish
85%
1996-2001 Zabel
72%
1969,1971,1972 Merckx
71%
2017 Matthews
63%
1979 Hinault
54%
2005,2009 Hushovd
52%
1992,1995 Jalabert
50%
2002,2004,2006 McEwen
50%
1982,1983,1985,1989 Kelly
49%
2007 Boonen
48%
2008 Freire
43%
2010 Petacchi
41%
1976,1978,1981 Maertens
33%
1991,1993-1994 Abdoujaparov
32%
2003 Cooke
28%
1963 Van Looy
23%
1964,1965,1967 Janssen
22%
1987 van Poppel
21%
1988 Planckaert, Eddy
18%
1966 Planckaert, Willy
18%
1986 Vanderaerden
14%
1959,1961 Darrigade
13%
1970 Godefroot
12%
1955-1956 Ockers
12%
1962 Altig
9%
1973 Van Springel
9%
1984 Hoste
8%
1990 Ludwig
8%
1954 Kubler
7%
1980 Pevenage
7%
1974 Sercu
5%
1977 Esclassan
3%
1958,1960 Graczyk
3%
1975 Van Linden
3%
1968 Bitossi
2%
1953 Schar
1%
1957 Forestier
0%
No matching quizzes found
Score Distribution
Percent of People with Each Score
Percentile by Number Answered
Your Score History
You have not taken this quiz